Logo BPK

Biblioteka

Politechniki Koszalińskiej

A comprehensive grammar of the English language / (Rekord nr 29590)

Szczegóły MARC
000 -ETYKIETA REKORDU
podpole kontrolne o stałej długości 00362nam a2200145 i 4500
001 - NUMER KONTROLNY REKORDU
pole kontrolne bg
040 ## - ŹRÓDŁO KATALOGOWANIA
Instytucja, która utworzyła rekord BPK
041 ## - KOD JĘZYKA
Kod języka tekstu pol
080 ## - UNIWERSALNA KLASYFIKACJA DZIESIĘTNA - UKD
UKD 802.0-5
008 - POLE O STAŁEJ DŁUGOŚCI - DANE KONTROLNE
podpole kontrolne o stałej długości s pl f |000 0 pol
245 #2 - TYTUŁ/ODPOWIEDZIALNOŚĆ
Tytuł A comprehensive grammar of the English language /
Pozostałe elementy strefy tytułu i oznaczenia odpowiedzialności Randolph Quirk [et al.].
260 ## - STREFA ADRESU WYDAWNICZEGO
Miejsce wydania London,
Data publikacji, dystrybucji/powstania dokumentu 1991.
700 1# - HASŁO DODATKOWE - NAZWA OSOBOWA
Nazwa osobowa Quirk, Randolph.
856 ## - LOKALIZACJA I DOSTĘP DO ELEKTRONICZNYCH DOKUMENTÓW ZDALNYCH
Link (URL) http://koha.tu.koszalin.pl/cgi-bin/koha/opac-detail.pl?biblionumber=29590
Tekst linku Katalog online BPK
942 ## - DODATKOWE ELEMENTY (KOHA)
Typ dokumentu Książka
Egzemplarze
Wycofany Status egzemplarza Uszkodzony Dostępność Lokalizacja stała Lokalizacja bieżąca Miejsce przechowywania Sygnatura Kod kreskowy Dział Typ dokumentu
      Tylko na miejscu Biblioteka Politechniki Koszalińskiej Biblioteka Politechniki Koszalińskiej Czytelnia Wydziałowa ul. Kwiatkowskiego 6e 35815 01583052 811.111'36 Język angielski - gramatyka Książka
© 2023 Biblioteka Politechniki Koszalińskiej :: KOHA